<?xml version="1.0" encoding="UTF-8"?>
<record
    xmlns:xsi="http://www.w3.org/2001/XMLSchema-instance"
    xsi:schemaLocation="http://www.loc.gov/MARC21/slim http://www.loc.gov/standards/marcxml/schema/MARC21slim.xsd"
    xmlns="http://www.loc.gov/MARC21/slim">

  <leader>00388    a2200145   4500</leader>
  <controlfield tag="005">20250124143214.0</controlfield>
  <controlfield tag="008">250124b        |||||||| |||| 00| 0 eng d</controlfield>
  <datafield tag="020" ind1=" " ind2=" ">
    <subfield code="a">9781914124044</subfield>
  </datafield>
  <datafield tag="082" ind1=" " ind2=" ">
    <subfield code="a">720/OLA</subfield>
  </datafield>
  <datafield tag="100" ind1=" " ind2=" ">
    <subfield code="a">Olaizola N B</subfield>
    <subfield code="9">211120</subfield>
  </datafield>
  <datafield tag="245" ind1=" " ind2=" ">
    <subfield code="a">Colour and Create Architecture 2:Cities Of The World</subfield>
  </datafield>
  <datafield tag="260" ind1=" " ind2=" ">
    <subfield code="b">Riba Publishing</subfield>
    <subfield code="c">2021</subfield>
    <subfield code="a">London</subfield>
  </datafield>
  <datafield tag="300" ind1=" " ind2=" ">
    <subfield code="a">58p</subfield>
    <subfield code="b">PB</subfield>
  </datafield>
  <datafield tag="942" ind1=" " ind2=" ">
    <subfield code="c">BK</subfield>
  </datafield>
  <datafield tag="999" ind1=" " ind2=" ">
    <subfield code="c">364840</subfield>
    <subfield code="d">364840</subfield>
  </datafield>
  <datafield tag="952" ind1=" " ind2=" ">
    <subfield code="0">0</subfield>
    <subfield code="1">0</subfield>
    <subfield code="2">ddc</subfield>
    <subfield code="4">0</subfield>
    <subfield code="7">0</subfield>
    <subfield code="8">Book of B Arch</subfield>
    <subfield code="a">BNCA</subfield>
    <subfield code="b">BNCA</subfield>
    <subfield code="d">2025-01-24</subfield>
    <subfield code="e">179</subfield>
    <subfield code="g">706.78</subfield>
    <subfield code="o">720/OLA</subfield>
    <subfield code="p">BNCA-BK-12993</subfield>
    <subfield code="r">2025-01-24 00:00:00</subfield>
    <subfield code="v">1121.88</subfield>
    <subfield code="w">2024-12-31</subfield>
    <subfield code="y">BK</subfield>
  </datafield>
</record>
